| 000 | 00648nam a22002177a 4500 | ||
|---|---|---|---|
| 005 | 20211125153201.0 | ||
| 008 | 211125b xxu||||| |||| 00| 0 eng | ||
| 020 |
_a9781138191297 _cRs 1095 |
||
| 040 | _beng | ||
| 041 | _aEnglish | ||
| 082 |
_a304.8 _bRAJ |
||
| 245 |
_aIndia migration report 2015 _bGender and migration _cEdited by S. Irudaya Rajan |
||
| 260 |
_aNew Delhi _bRoutledge _c2016 |
||
| 300 |
_axxiv,324p _b25 cm; tables, charts, graphs |
||
| 504 | _aIncludes bibliographical references and index | ||
| 650 | _aMigration | ||
| 650 |
_aGender _vMigration |
||
| 700 |
_4ed. _aRajan, S. Irudaya |
||
| 850 |
_aLCLIB _bDLIT |
||
| 942 | _cBK | ||
| 999 |
_c42804 _d93283 |
||